000 01006naa a22002657a 4500
001 BR8800500
003 BR-BrBNA
005 20250721154549.0
007 ta
008 250630b bl.|||m| |||| 00| 0 por d
040 _aBR-BrBNA
_bpor
_cBiblioteca Nacional de Agricultura
041 _a(Pt)
072 _aH60
_b3876
090 _aH60 BR8800500
100 1 _aPereira, W.S.P.
111 1 _aSeminario Herbicidas em Reflorestamento
_cPiracicaba, SP (Brazil)
_d1-3 Jul 1986
245 1 _aHerbicida de pre-emergencia-oxifluorfen
500 _aAnais do Seminario Herbicidas em Reflorestamento Piracicaba, SP (Brasil): 1987. p. 45-60 (BR8800500-AMS)
773 0 _tAnais do Seminario Herbicidas em Reflorestamento
_wH60 BR8800500
_gPiracicaba, SP (Brasil), 1987. p. 45-60
650 _aHERBICIDA
650 _aCONTROLE QUIMICO
490 _aSerie Tecnica - Instituto de Pesquisas e Estudos Florestais (Brazil)
_vv. 4(12)
_xISSN 0100-8137
942 _cAMS
_2AGRIS
909 _a202506
_bLúcia
_c55
_dLúcia Elande
999 _c335681
_d335681